Geography Quiz

Random Geography or City Quiz

Largest cities in Germany Quiz Stats

 Plays Quiz not verified by Sporcle

Challenge
Share
Tweet
Embed
Score 0/20 Timer 10:00
0 Plays Today
% Correct
Berlin
99.7%
Hamburg
94.6%
Frankfurt am Main
90%
München
89.7%
Köln
84%
Stuttgart
84%
Dortmund
74.6%
Düsseldorf
74.6%
Dresden
72.6%
Essen
70.9%
% Correct
Bremen
69.5%
Leipzig
68.4%
Hannover
66.1%
Bonn
63.8%
Nürnberg
59.3%
Mannheim
43.6%
Duisburg
42.5%
Bochum
34.2%
Bielefeld
32.2%
Wuppertal
31.9%

You're not logged in!

Compare scores with friends on all Sporcle quizzes.
OR
Log In

You Might Also Like...

Show Comments

Extras

Created Nov 25, 2009ReportNominate
Tags:City Quiz, Germany, largest

Top Quizzes Today


Score Distribution

Your Account Isn't Verified!

In order to create a playlist on Sporcle, you need to verify the email address you used during registration. Go to your Sporcle Settings to finish the process.

Report this User

Report this user for behavior that violates our Community Guidelines.

Details: